| 000 | 01388nam a22003017a 4500 | ||
|---|---|---|---|
| 005 | 20240325074618.0 | ||
| 008 | 240325b |||||||| |||| 00| 0 eng d | ||
| 020 | _a9781853396823 | ||
| 020 | _a1853396826 | ||
| 035 | _a(OCoLC)ocn319585010 | ||
| 040 |
_aRAU _cKMU _dKMU _dKMU _dCDX _dYDXCP _dDLC |
||
| 042 | _alccopycat | ||
| 050 | 0 | 0 | _aS542.D44 Far |
| 245 | 0 | 0 |
_aFarmer first revisited : _binnovation for agricultural research and development / _cedited by Ian Scoones and John Thompson ; with a foreword by Robert Chambers. |
| 260 |
_aRugby, UK : _bPractical Action Pub., _c2009. |
||
| 300 |
_axxv, 357 p. : _bill. ; _c24 cm. |
||
| 504 | _aIncludes bibliographical references (p. [323]-342) and index. | ||
| 650 | 0 |
_aAgriculture _xResearch _zDeveloping countries. |
|
| 650 | 0 |
_aAgricultural innovations _zDeveloping countries. |
|
| 700 | 1 | _aScoones, Ian. | |
| 700 | 1 | _aThompson, John. | |
| 856 | 4 | 2 |
_3Contributor biographical information _uhttp://www.loc.gov/catdir/enhancements/fy1116/2009289585-b.html |
| 856 | 4 | 2 |
_3Publisher description _uhttp://www.loc.gov/catdir/enhancements/fy1116/2009289585-d.html |
| 856 | 4 | 1 |
_3Table of contents only _uhttp://www.loc.gov/catdir/enhancements/fy1116/2009289585-t.html |
| 906 |
_a7 _bcbc _ccopycat _d2 _encip _f20 _gy-gencatlg |
||
| 942 |
_2lcc _cBK _n0 |
||
| 999 |
_c1056 _d1056 |
||